|
|
|
|
| LEADER |
00000nam2a2200000 4500 |
| 001 |
200356 |
| 005 |
20231031184651.0 |
| 035 |
|
|
|a (RuTPU)RU\TPU\book\218425
|
| 090 |
|
|
|a 200356
|
| 100 |
|
|
|a 20110906d1990 k y0rusy50 ca
|
| 101 |
0 |
|
|a rus
|
| 102 |
|
|
|a UA
|
| 105 |
|
|
|a a z 001zy
|
| 200 |
0 |
|
|a Вып. 27
|f под ред. Н. С. Можаровского
|
| 210 |
|
|
|d 1990
|
| 215 |
|
|
|a 105 с.
|c ил.
|
| 320 |
|
|
|a Библиогр. в конце ст.
|
| 461 |
|
1 |
|0 (RuTPU)RU\TPU\book\153300
|t Машиностроение
|o [сборник статей]
|f Киевский политехнический институт (КПИ)
|v Вып. 27
|d 1964-1991
|s Вестник Киевского политехнического института
|
| 610 |
1 |
|
|a машиностроение
|
| 610 |
1 |
|
|a детали
|
| 610 |
1 |
|
|a обработка
|
| 610 |
1 |
|
|a сварочное производство
|
| 610 |
1 |
|
|a производственные системы
|
| 610 |
1 |
|
|a сварные соединения
|
| 610 |
1 |
|
|a металлы
|
| 610 |
1 |
|
|a прессование
|
| 610 |
1 |
|
|a материалы
|
| 610 |
1 |
|
|a ползучесть
|
| 675 |
|
|
|a 621.002:658.512
|v 3
|
| 702 |
|
1 |
|a Можаровский
|b Н. С.
|4 340
|
| 801 |
|
1 |
|a RU
|b 63413507
|c 20110906
|
| 801 |
|
2 |
|a RU
|b 63413507
|c 20170120
|g RCR
|
| 942 |
|
|
|c BK
|